000 00718nam a22002297a 4500
003 UA-OsUOA
001 54174
007 ta
008 20080527b un ||||| |||| 00| 0 ukr d
090 _a323.2:316.42
_bУ-45
942 _cBK
040 _aUA-OsUOA
_bukr
_cUA-OsUOA
_dUA-OsUOA
245 _aУкраїна в 2007 році: щорічні оцінки суспільно-політичного та соціально-економічного розвитку
_cЗа заг. ред. Ю. Г. Рубана
300 _a538 с.
955 _a1
041 _aukr
080 _a323.2:316.42
020 _a966-554-109-9
260 _aК.
_bНІСД
_c2007
650 7 _a32 Політика
_2UDC
999 _c340221
_d340221